000 00453nam a22001937a 4500
003 MPLRDC
005 20220104144521.0
008 210129b ||||| |||| 00| 0 eng d
020 _a957-9663-80-7
082 _a121.39 HFN
100 _a红凤鸟讲述
245 _a黄帝四经
_c
250 _a初版
260 _a
_b云龙
_c2000
300 _b
490 _a云龙丛刊. 50
650 _a先秦哲学--道家
942 _cBK
_o121.39 HFN
999 _c50397
_d50387